[Event "Reykjavik Open 2017"]
[Site "Reykjavik ISL"]
[Date "2017.04.20"]
[Round "2.22"]
[White "Hjartarson,J"]
[Black "Ristoja,S"]
[Result "1-0"]
[WhiteElo "2536"]
[BlackElo "2228"]

1.d4 Nf6 2.c4 e6 3.Nf3 d5 4.Nc3 dxc4 5.e4 Bb4 6.Bxc4 Nxe4 7.O-O Nxc3 8.bxc3
Bxc3 9.Rb1 c6 10.Rb3 Ba5 11.Ne5 b5 12.Qg4 g6 13.Bg5 f5 14.Qh4 Qc7 15.Be2 Rg8
16.Rc1 a6 17.Bf3 Bb7 18.Bd8 Qxd8 19.Qxh7 Rf8 20.Qxg6+ Ke7 21.Qg7+ {#r} 1-0

[Event "Reykjavik Open 2017"]
[Site "Reykjavik ISL"]
[Date "2017.04.20"]
[Round "2.23"]
[White "Edvardsson,K"]
[Black "Friedel,J"]
[Result "0-1"]
[WhiteElo "2228"]
[BlackElo "2524"]

1.d4 Nf6 2.c4 e6 3.g3 d5 4.Nf3 dxc4 5.Bg2 Bb4+ 6.Bd2 c5 7.dxc5 Bxc5 8.Qa4+
Nbd7 9.O-O a6 10.Qxc4 b5 11.Qb3 Bb7 12.a4 Bd5 13.Qd1 b4 14.Bf4 h6 15.Ne5 Rc8
16.Nxd7 Qxd7 17.Be5 Bxg2 18.Kxg2 Qc6+ 19.Kg1 Ng4 20.Bf4 Bxf2+ 21.Rxf2 Qh1+
22.Kxh1 Nxf2+ 23.Kg2 Nxd1 24.Nd2 Nxb2 25.Be5 Rc2 26.Bxg7 Rh7 27.Bxb2 Rxb2
28.Ne4 Rg7 29.Kf3 Rc2 30.a5 f5 31.Nf2 b3 32.Nd3 Rb7 33.Ke3 b2 34.Rb1 e5 {#R}
0-1

[Event "Reykjavik Open 2017"]
[Site "Reykjavik ISL"]
[Date "2017.04.20"]
[Round "2.25"]
[White "Tokranovs,Dmitrijs"]
[Black "Bailet,P"]
[Result "0-1"]
[WhiteElo "2227"]
[BlackElo "2510"]

1.e4 g6 2.d4 Bg7 3.c4 d6 4.Nc3 Nf6 5.f3 O-O 6.Be3 e5 7.Nge2 c6 8.Qd2 Nbd7
9.O-O-O a6 10.Kb1 b5 11.dxe5 Nxe5 12.Nc1 Be6 13.cxb5 axb5 14.Qxd6 Qa5 15.Qxe5
Ng4 16.Qc5 Nxe3 17.Qxe3 b4 18.Na4 Qxa4 19.b3 Qa3 20.Rd2 Bc3 21.Qf2 Rfd8 22.Bd3
Bd4 23.Qe2 Bf2 24.Qxf2 Bxb3 25.Nxb3 Rxd3 26.Rc1 Qxb3+ {#R} 0-1

[Event "Reykjavik Open 2017"]
[Site "Reykjavik ISL"]
[Date "2017.04.20"]
[Round "2.26"]
[White "Perelshteyn,E"]
[Black "Louis,T"]
[Result "1-0"]
[WhiteElo "2509"]
[BlackElo "2202"]

1.d4 Nf6 2.Bf4 e6 3.e3 c5 4.Nf3 b6 5.Nc3 a6 6.d5 d6 7.a4 Be7 8.h3 O-O 9.Bc4 e5
10.Bh2 Ne8 11.O-O Kh8 12.Nd2 Nd7 13.e4 g6 14.Be2 Bg5 15.Nc4 Rb8 16.Kh1 Qe7
17.Rb1 f5 18.exf5 gxf5 19.f4 exf4 20.Bxf4 Rg8 21.Qd2 Bxf4 22.Qxf4 b5 23.axb5
axb5 24.Ne3 Ndf6 25.b4 Ng7 26.bxc5 dxc5 27.Qxb8 Qxe3 28.Rf3 Qd2 29.Qxb5 Ngh5
30.Qxc5 Ne4 31.Nxe4 fxe4 32.Rf8 Qxe2 33.Qc3+ Ng7 34.Qxc8 {#r} 1-0

[Event "Reykjavik Open 2017"]
[Site "Reykjavik ISL"]
[Date "2017.04.20"]
[Round "2.27"]
[White "Hill,Alistair"]
[Black "Firat,B"]
[Result "0-1"]
[WhiteElo "2209"]
[BlackElo "2503"]

1.Nf3 c5 2.g3 Nc6 3.Bg2 e5 4.d3 d5 5.O-O f6 6.c4 d4 7.e3 Bg4 8.exd4 cxd4 9.a3
a5 10.h3 Be6 11.Nbd2 Nh6 12.Ne4 Nf7 13.Bd2 Be7 14.g4 h5 15.Nh2 hxg4 16.hxg4 g6
17.b4 f5 18.Nc5 Bxc5 19.bxc5 Qh4 20.Nf3 Qxg4 21.Qb3 e4 22.dxe4 fxe4 23.Nh2 Qh4
24.Qg3 Qxg3 25.fxg3 e3 26.Bd5 Ke7 27.Rab1 Rab8 28.Rfe1 Nfe5 29.Bxe3 dxe3
30.Rxe3 Rhe8 31.Kg2 Kd7 32.Rd1 Kc7 33.Rde1 Bd7 {#R} 0-1

[Event "Reykjavik Open 2017"]
[Site "Reykjavik ISL"]
[Date "2017.04.20"]
[Round "2.28"]
[White "Panchanathan,M"]
[Black "Entem,A"]
[Result "1-0"]
[WhiteElo "2494"]
[BlackElo "2200"]

1.Nf3 g6 2.g3 Bg7 3.Bg2 Nf6 4.O-O O-O 5.d4 d6 6.a4 a5 7.c3 c6 8.Nbd2 Nbd7 9.e4
e5 10.Re1 Qe7 11.Nc4 Rd8 12.Qc2 h6 13.h3 Kh7 14.b3 b6 15.Ba3 c5 16.Rad1 Ba6
17.Bf1 Bxc4 18.Bxc4 Rac8 19.Kg2 Nh5 20.dxc5 dxc5 21.Bc1 Nhf6 22.Nh2 Nf8 23.Nf1
Ne6 24.Ne3 Ng5 25.f3 Ne6 26.Qe2 Nc7 27.Bb5 Bf8 28.Qc4 Kg7 29.Bc6 Rxd1 30.Rxd1
Rd8 31.Rxd8 Qxd8 32.Qe2 Qd6 33.Bb7 Be7 34.Nc4 Qe6 35.Be3 h5 36.h4 Nfe8 37.Qd3
Nf6 38.Bg5 Kh7 39.Bxf6 Qxf6 40.Qd7 Bd8 41.Nd6 Kg8 42.Nxf7 Qxf7 43.Qxd8+ Kg7
44.Qd6 {#r} 1-0

[Event "Reykjavik Open 2017"]
[Site "Reykjavik ISL"]
[Date "2017.04.20"]
[Round "2.30"]
[White "Mesman,Edwyn"]
[Black "Liang,Awonder"]
[Result "0-1"]
[WhiteElo "2199"]
[BlackElo "2483"]

1.d4 Nf6 2.c4 g6 3.f3 Nc6 4.e4 e5 5.dxe5 Nxe5 6.Be3 d6 7.Qc2 Bg7 8.Nc3 O-O
9.O-O-O Be6 10.Nd5 b5 11.cxb5 Nxd5 12.Rxd5 c6 13.Rd2 cxb5 14.Kb1 Qa5 15.b3
Rfc8 16.Qd1 Nc4 17.bxc4 bxc4 18.Bd4 Rab8+ 19.Ka1 Bxd4+ {#R} 0-1

[Event "Reykjavik Open 2017"]
[Site "Reykjavik ISL"]
[Date "2017.04.20"]
[Round "2.34"]
[White "Torre,E"]
[Black "Motycakova,M"]
[Result "1-0"]
[WhiteElo "2455"]
[BlackElo "2162"]

1.b3 e5 2.Bb2 Nc6 3.e3 Nf6 4.Bb5 e4 5.f3 exf3 6.Nxf3 Be7 7.O-O O-O 8.Nc3 d5
9.Bxc6 bxc6 10.Nd4 Bg4 11.Nxc6 Bxd1 12.Nxd8 Bxc2 13.Nc6 Bd8 14.Rac1 Bd3 15.Rf4
Re8 16.Rd4 Bf5 17.Nxd5 Nxd5 18.Rxd5 Be6 19.Rxd8 Raxd8 20.Nxd8 Rxd8 21.Bd4 a6
22.Rxc7 Rd6 23.Kf2 h6 24.d3 Bf5 25.Ke2 h5 26.Rc5 Be6 27.h3 Bd5 28.Be5 Rd7
29.e4 Bb7 30.Bc3 g6 31.g4 hxg4 32.hxg4 Kf8 33.Bf6 Ke8 34.g5 Kf8 35.Ke3 Ke8
36.d4 Rd6 37.d5 Kd7 38.b4 Ke8 39.Kd4 Rb6 40.a3 Kd7 41.Be5 {#r} 1-0

[Event "Reykjavik Open 2017"]
[Site "Reykjavik ISL"]
[Date "2017.04.20"]
[Round "2.35"]
[White "Laustsen,L"]
[Black "Kanmazalp,O"]
[Result "0-1"]
[WhiteElo "2169"]
[BlackElo "2448"]

1.d4 Nf6 2.c4 g6 3.Nf3 Bg7 4.g3 b6 5.Bg2 Bb7 6.O-O O-O 7.Nc3 Ne4 8.Qc2 Nxc3
9.Qxc3 c5 10.Be3 Be4 11.Qd2 d6 12.Bh6 Nd7 13.Rad1 Qc7 14.Bxg7 Kxg7 15.Ng5 Bxg2
16.Kxg2 Qb7+ 17.f3 Nf6 18.Qc3 h6 19.Nh3 Rfc8 20.e4 cxd4 21.Qxd4 Qa6 22.Rc1
Qxa2 23.f4 Rd8 24.g4 Kg8 25.g5 hxg5 26.Nxg5 Qa5 27.Qf2 Kg7 28.Rce1 Rh8 29.Qe2
Rh5 30.Nf3 Rah8 31.h4 Qc5 32.Kg3 R8h6 33.e5 Nd5 34.Kg4 Qc8+ 35.e6 f5+ {#R} 0-1

[Event "Reykjavik Open 2017"]
[Site "Reykjavik ISL"]
[Date "2017.04.20"]
[Round "2.39"]
[White "Barillaro,L"]
[Black "Sachdev,T"]
[Result "0-1"]
[WhiteElo "2164"]
[BlackElo "2429"]

1.c4 e5 2.g3 Nf6 3.Bg2 d5 4.cxd5 Nxd5 5.Nf3 Nc6 6.O-O Nb6 7.b3 Be7 8.Bb2 f6
9.Qc1 O-O 10.Rd1 Bg4 11.h3 Bh5 12.g4 Bf7 13.d4 exd4 14.Nxd4 Nxd4 15.Rxd4 Qc8
16.Ba3 Bxa3 17.Nxa3 c6 18.Qd2 Rd8 19.Rd1 Rxd4 20.Qxd4 Qc7 21.e4 Re8 22.Qd6
Qxd6 23.Rxd6 a5 24.Nb5 Nc8 {#R} 0-1

[Event "Reykjavik Open 2017"]
[Site "Reykjavik ISL"]
[Date "2017.04.20"]
[Round "2.44"]
[White "Grabow,P"]
[Black "Ris,R"]
[Result "0-1"]
[WhiteElo "2135"]
[BlackElo "2419"]

1.Nf3 g6 2.c4 Bg7 3.Nc3 Nf6 4.e3 O-O 5.Be2 c5 6.b3 d5 7.cxd5 Nxd5 8.Bb2 Nc6
9.Rc1 b6 10.O-O Ndb4 11.Bb5 Bb7 12.Qe2 Nxa2 13.Nxa2 Bxb2 14.Rc2 Bf6 15.d4 a6
16.Bxc6 Bxc6 17.Rd1 Bxf3 18.gxf3 cxd4 19.exd4 Rc8 20.Rxc8 Qxc8 21.Nb4 Qc3
22.Nd5 Qxb3 23.Nxf6+ exf6 24.d5 Rd8 25.d6 Qe6 26.Qd3 Rd7 27.Qd4 b5 28.Qb6 Qe2
29.Ra1 Qxf3 30.Rxa6 Kg7 31.Qd4 h5 32.Qc5 Qg4+ 33.Kf1 Qc4+ 34.Qxc4 bxc4 35.Ke2
f5 36.Ke3 Kf6 37.Kd4 Ke6 38.Kc5 c3 {#R} 0-1

[Event "Reykjavik Open 2017"]
[Site "Reykjavik ISL"]
[Date "2017.04.20"]
[Round "2.45"]
[White "Ahlander,B"]
[Black "Doknjas,Joshua"]
[Result "1-0"]
[WhiteElo "2416"]
[BlackElo "2123"]

1.d4 d5 2.c4 c6 3.Nf3 Nf6 4.e3 Bg4 5.Nbd2 Nbd7 6.h3 Bh5 7.g4 Bg6 8.Nh4 e5
9.Nxg6 hxg6 10.Bg2 exd4 11.exd4 dxc4 12.O-O Nb6 13.a4 a5 14.Nxc4 Nxc4 15.Qe2+
Be7 16.Qxc4 Qd6 17.Re1 O-O 18.b3 Rfe8 19.Ba3 Qd7 20.Bxe7 Rxe7 21.Re5 Qd6
22.Rae1 Rae8 23.Qc3 Re6 24.R1e3 Qd8 25.Qxa5 Qxa5 26.Rxa5 Rxe3 27.fxe3 Rxe3
28.b4 Ra3 29.Ra8+ Kh7 30.a5 Rb3 31.Rb8 Rb1+ 32.Kf2 Rb2+ 33.Kg3 Rb3+ 34.Kh2 Rb2
35.Kg3 Rb3+ 36.Kf4 Rb2 37.Bf3 Rxb4 38.a6 g5+ 39.Ke3 Rb3+ 40.Ke2 Rb2+ 41.Kd1
Nd7 42.a7 Nb6 43.Rxb7 {#r} 1-0

[Event "Reykjavik Open 2017"]
[Site "Reykjavik ISL"]
[Date "2017.04.20"]
[Round "2.53"]
[White "Abrahamyan,T"]
[Black "Dietzsch,H"]
[Result "1-0"]
[WhiteElo "2364"]
[BlackElo "2106"]

1.e4 c5 2.Nf3 e6 3.d4 cxd4 4.Nxd4 a6 5.Nc3 Qc7 6.Bd3 Nc6 7.Nxc6 dxc6 8.O-O b5
9.a4 Bb7 10.Be3 Nf6 11.f4 b4 12.Nb1 Be7 13.Nd2 O-O 14.a5 c5 15.b3 h5 16.h3 g6
17.Qf3 Kg7 18.Nc4 Rad8 19.Rae1 Bc6 20.Bc1 Ne8 21.Qf2 Bf6 22.f5 Bd4 23.Be3 exf5
24.exf5 Nf6 25.Bxd4 cxd4 26.Qh4 Bb5 27.fxg6 fxg6 28.Re6 Bxc4 29.bxc4 Rd6
30.Rfxf6 Rxe6 31.Rxe6 {#r} 1-0

[Event "Reykjavik Open 2017"]
[Site "Reykjavik ISL"]
[Date "2017.04.20"]
[Round "2.54"]
[White "Haessel,D"]
[Black "Guramishvili,S"]
[Result "0-1"]
[WhiteElo "2095"]
[BlackElo "2363"]

1.d4 d5 2.c4 c6 3.Nc3 e6 4.e4 dxe4 5.Nxe4 Bb4+ 6.Bd2 Qxd4 7.Bxb4 Qxe4+ 8.Ne2
Na6 9.Bf8 Ne7 10.Bxg7 Nb4 11.Bxh8 e5 12.f3 Nc2+ 13.Kf2 Qe3+ 14.Kg3 Nf5+ {#R}
0-1

[Event "Reykjavik Open 2017"]
[Site "Reykjavik ISL"]
[Date "2017.04.20"]
[Round "2.55"]
[White "Derakhshani,D"]
[Black "Fehr,A"]
[Result "1-0"]
[WhiteElo "2351"]
[BlackElo "2102"]

1.e4 c5 2.Nf3 d6 3.d4 cxd4 4.Nxd4 Nf6 5.Nc3 a6 6.Be2 e5 7.Nb3 Be7 8.O-O Be6
9.Qd3 Nc6 10.Be3 Rc8 11.Rfd1 O-O 12.a3 Na5 13.Nxa5 Qxa5 14.Nd5 Nxd5 15.exd5
Bd7 16.b4 Qd8 17.c4 f5 18.f4 b5 19.c5 exf4 20.Bxf4 dxc5 21.d6 Bf6 22.Qd5+ Kh8
23.bxc5 Bxa1 24.Rxa1 Qf6 25.Be5 Qg6 26.Qd4 Bc6 27.Bf1 Rce8 28.Qf4 Re6 29.Re1
Rfe8 30.h3 Kg8 31.Re3 Qf7 32.Be2 h6 33.h4 Rg6 34.Bf3 Qb7 35.Qxf5 Rge6 36.Bh5
Rf6 37.Qh3 Rxe5 38.Rxe5 g6 39.Re7 Qb8 40.Qg3 Qf8 41.Bxg6 {#r} 1-0

[Event "Reykjavik Open 2017"]
[Site "Reykjavik ISL"]
[Date "2017.04.20"]
[Round "2.57"]
[White "Kavutskiy,K"]
[Black "Vistisen,L"]
[Result "1-0"]
[WhiteElo "2347"]
[BlackElo "2097"]

1.d4 Nf6 2.c4 c5 3.d5 e6 4.Nc3 exd5 5.cxd5 g6 6.e4 d6 7.Nge2 Bg7 8.Ng3 O-O
9.Be2 a6 10.a4 Re8 11.O-O h5 12.Bg5 Qb6 13.Qd2 Nh7 14.a5 Qb4 15.Be3 h4 16.Qc2
b5 17.Nh1 Nd7 18.f3 Ne5 19.Nf2 Nc4 20.Bxc4 Qxc4 21.Qd2 Bd7 22.Rac1 Qb3 23.Bf4
b4 24.Ncd1 Bd4 25.Bxd6 Rac8 26.Kh1 Bb5 27.Re1 Qa2 28.Bf4 Qxa5 29.Be3 Bxe3
30.Nxe3 c4 31.Qd4 c3 32.Nfg4 cxb2 33.Rxc8 Qa1 34.Nh6+ Kf8 35.Qh8+ Ke7 36.Nef5+
gxf5 37.Nxf5+ Kd7 38.Qxe8# 1-0

[Event "Reykjavik Open 2017"]
[Site "Reykjavik ISL"]
[Date "2017.04.20"]
[Round "2.58"]
[White "Petursson,Armann"]
[Black "Thorfinnsson,Br"]
[Result "0-1"]
[WhiteElo "1227"]
[BlackElo "2457"]

1.Nf3 f5 2.g3 Nf6 3.Bg2 e6 4.O-O Be7 5.c4 O-O 6.Nc3 d6 7.d4 Qe8 8.b3 Ne4 9.Qc2
Nxc3 10.Qxc3 Bf6 11.Bg5 Nd7 12.Bxf6 Nxf6 13.Rad1 a5 14.Rfe1 Qh5 15.Qe3 h6
16.h3 g5 17.Nh2 Qg6 18.Qd3 Ne4 19.Nf1 d5 20.cxd5 exd5 21.Nd2 c6 22.Nf3 Be6
23.Ne5 Qg7 24.e3 Kh8 25.Rc1 Bg8 26.Bf1 Bh7 27.Be2 f4 28.Bh5 Nxf2 29.Ng6+ Bxg6
30.Qxg6 Qxg6 31.Bxg6 fxg3 32.Rf1 Kg7 33.Bb1 Rae8 34.Rce1 Rf3 35.Kg2 Rfxe3
36.Rxe3 Rxe3 37.Bf5 Nd3 38.Bc8 Nf4+ 39.Kg1 b6 40.Bg4 h5 41.Rf3 Re1+ {#R} 0-1

[Event "Reykjavik Open 2017"]
[Site "Reykjavik ISL"]
[Date "2017.04.20"]
[Round "2.63"]
[White "Kristjansson,O"]
[Black "Thorsson,Pall"]
[Result "1-0"]
[WhiteElo "2102"]
[BlackElo "1688"]

1.e4 e5 2.Nf3 Nc6 3.Bb5 Nd4 4.Nxd4 exd4 5.O-O Bc5 6.d3 c6 7.Ba4 b5 8.Bb3 d5
9.f4 Nf6 10.e5 Ng4 11.h3 h5 12.Qe2 Bf5 13.hxg4 hxg4 14.Qf2 Be7 15.g3 Rh3
16.Kg2 Bh4 17.Rh1 Bxg3 18.Rxh3 Bxf2 19.Rh8+ Kd7 20.Rxd8+ Rxd8 21.Kxf2 Rh8
22.Kg2 Rh3 23.Bd2 g3 24.a4 b4 25.Be1 Rh2+ 26.Kxg3 Rh1 27.Nd2 Rh3+ 28.Kg2 Re3
29.Bf2 Re2 30.Nf3 c5 31.Re1 Rxe1 32.Bxe1 {#r} 1-0

[Event "Reykjavik Open 2017"]
[Site "Reykjavik ISL"]
[Date "2017.04.20"]
[Round "2.64"]
[White "Haraldsson,Haraldur"]
[Black "Kvamme,Ingrid Jodre"]
[Result "1-0"]
[WhiteElo "1941"]
[BlackElo "1444"]

1.e4 c5 2.Nf3 Nc6 3.d4 cxd4 4.Nxd4 g6 5.Nc3 Bg7 6.Be3 Nf6 7.Bc4 Qa5 8.O-O O-O
9.Nb3 Qd8 10.f4 d6 11.h3 Bd7 12.a4 Na5 13.Bd3 a6 14.Nd2 Rc8 15.Qe2 Nc6 16.Nc4
Nb4 17.g4 Nxd3 18.cxd3 b5 19.Nb6 Rb8 20.a5 Bc6 21.g5 Nd7 22.Ncd5 Bxd5 23.Nxd5
e6 24.Nb4 Qc8 25.Rfc1 Qb7 26.Rc6 Rbc8 27.Rxa6 d5 28.Ra7 Qb8 29.Rxd7 dxe4 30.a6
exd3 31.Rxd3 Rfd8 32.a7 Qa8 33.Rxd8+ Rxd8 34.Qg2 {#r} 1-0

[Event "Reykjavik Open 2017"]
[Site "Reykjavik ISL"]
[Date "2017.04.20"]
[Round "2.67"]
[White "Doknjas,Neil"]
[Black "Wecker,Martin"]
[Result "1-0"]
[WhiteElo "1784"]
[BlackElo "2134"]

1.e4 c5 2.Nf3 e6 3.Nc3 a6 4.d4 cxd4 5.Nxd4 Qc7 6.Bd3 Nf6 7.O-O d6 8.f4 Be7
9.Be3 Nbd7 10.Qf3 Nc5 11.Rac1 O-O 12.Qg3 Nh5 13.Qh3 g6 14.f5 Qd8 15.g4 Ng7
16.Bc4 Bf6 17.b4 b5 18.bxc5 bxc4 19.Rcd1 Qa5 20.Nce2 Bb7 21.c6 Bc8 22.Bh6 exf5
23.exf5 Re8 24.fxg6 Bxd4+ 25.Nxd4 hxg6 26.Bxg7 Kxg7 27.Qf3 Ra7 28.Qf6+ Kg8
29.Rf2 Qe5 30.Qf3 Qg5 31.Rg2 Re3 32.Qf2 Rae7 33.Nf5 Bxf5 34.gxf5 Qh5 35.Rf1
Re2 36.c7 Kh7 37.c8=Q Rxf2 38.fxg6+ fxg6 39.Rgxf2 Qg5+ 40.Rg2 Qe5 41.Kh1 {#r}
1-0

[Event "Reykjavik Open 2017"]
[Site "Reykjavik ISL"]
[Date "2017.04.20"]
[Round "2.70"]
[White "Yu,Jonathan"]
[Black "De Winter,E"]
[Result "1-0"]
[WhiteElo "2073"]
[BlackElo "1786"]

1.e4 c5 2.Nf3 Nc6 3.Bb5 g6 4.O-O Bg7 5.c3 e6 6.d4 cxd4 7.cxd4 a6 8.Bxc6 bxc6
9.e5 h6 10.b3 a5 11.Nc3 Ba6 12.Re1 Ne7 13.Ne4 Nd5 14.Ba3 Nb4 15.Nd6+ Kf8
16.Qd2 Rb8 17.h4 Kg8 18.h5 g5 19.Bxb4 axb4 20.Nh2 f5 21.g4 Bf8 22.gxf5 Bxd6
23.exd6 Qf6 24.fxe6 dxe6 25.Qc2 Rd8 26.Qxc6 Bc8 27.Qc4 Bd7 28.Re3 Rc8 29.Qxb4
Qf7 30.Qb7 Kg7 31.Rf3 Qe8 32.Re1 Rb8 33.Qe4 Rb5 34.a4 Rd5 35.Ng4 Qxh5 36.Nf6
Qg6 37.Nxd5 Qxe4 38.Rxe4 exd5 39.Re7+ {#r} 1-0

[Event "Reykjavik Open 2017"]
[Site "Reykjavik ISL"]
[Date "2017.04.20"]
[Round "2.71"]
[White "Savage,A"]
[Black "Kristinsson,Magnus"]
[Result "0-1"]
[WhiteElo "2067"]
[BlackElo "1783"]

1.e4 c5 2.b3 Nc6 3.Bb2 e6 4.Nf3 Nf6 5.e5 Nd5 6.c4 Nde7 7.Bd3 d5 8.exd6 Qxd6
9.Be4 Nd4 10.Nxd4 cxd4 11.O-O e5 12.d3 h5 13.Na3 a6 14.c5 Qc7 15.Nc4 Nc6
16.Nb6 Rb8 17.Rc1 g6 18.Qf3 Bh6 19.Nd5 Qd8 20.Nf6+ Kf8 21.Rce1 Kg7 22.Bxc6
bxc6 23.Nxh5+ gxh5 24.Rxe5 Bg4 25.Qxc6 Re8 26.Rxe8 Qxe8 27.Bxd4+ Kh7 28.Qf6
Rc8 29.Qxa6 Ra8 30.Qf6 Rxa2 31.h3 Be6 32.b4 Qg8 33.Kh1 Rd2 34.Qf3 Qg5 35.Rd1
Bd5 36.Be3 Rxd1+ 37.Kh2 Bxf3 38.Bxg5 Bc6 {#R} 0-1

[Event "Reykjavik Open 2017"]
[Site "Reykjavik ISL"]
[Date "2017.04.20"]
[Round "2.73"]
[White "Birkisson,Bjorn Holm"]
[Black "Halldorsson,Hj"]
[Result "1-0"]
[WhiteElo "2057"]
[BlackElo "1776"]

1.e4 e5 2.Nf3 Nc6 3.Bb5 a6 4.Ba4 Nf6 5.Qe2 b5 6.Bb3 Be7 7.c3 d6 8.h3 O-O 9.d3
h6 10.g4 Nh7 11.Nbd2 Be6 12.Nf1 Re8 13.Ng3 Bf8 14.Nf5 d5 15.Rg1 dxe4 16.dxe4
Na5 17.Bxe6 fxe6 18.Ne3 Qf6 19.g5 Nxg5 20.Nxg5 hxg5 21.Ng4 Qg6 22.Nxe5 Qf6
23.Rxg5 c5 24.Qh5 Red8 25.Ng4 {#r} 1-0

[Event "Reykjavik Open 2017"]
[Site "Reykjavik ISL"]
[Date "2017.04.20"]
[Round "2.74"]
[White "Tunge,Christian"]
[Black "Skaale,Janus"]
[Result "1-0"]
[WhiteElo "2055"]
[BlackElo "1765"]

1.c4 e5 2.g3 Nf6 3.Bg2 d5 4.cxd5 Nxd5 5.Nc3 Nb6 6.Nf3 Nc6 7.O-O Be7 8.Rb1 O-O
9.b4 Bf6 10.b5 Nd4 11.a4 Bf5 12.d3 Rb8 13.a5 Nc4 14.e4 Bxe4 15.Nxe4 Nxa5
16.Nxd4 exd4 17.Bd2 b6 18.Bxa5 bxa5 19.Qa4 Be7 20.Qxa5 Qd7 21.Rfc1 Rfc8 22.Nc5
Qf5 23.Ne4 Qe5 24.f4 Qf5 25.Rxc7 Bd8 26.Rxc8 Rxc8 27.Qxa7 {#r} 1-0

[Event "Reykjavik Open 2017"]
[Site "Reykjavik ISL"]
[Date "2017.04.20"]
[Round "2.77"]
[White "Sidali,Elias Hulleberg"]
[Black "Scheele,Marcus"]
[Result "1-0"]
[WhiteElo "1724"]
[BlackElo "2030"]

1.e4 c6 2.Nc3 d5 3.Nf3 e6 4.d4 a6 5.Bd3 Be7 6.O-O Nf6 7.e5 Nfd7 8.Ne2 c5 9.c3
Nc6 10.Nf4 cxd4 11.cxd4 O-O 12.Ne1 Re8 13.Qh5 Nf8 14.Nf3 f5 15.Nh3 g6 16.Qh6
Qb6 17.Bg5 Bxg5 18.Nhxg5 Nxd4 19.Nxh7 Nxf3+ 20.gxf3 Nxh7 21.Qxg6+ Kf8 22.Qxh7
Qd4 23.Qh8+ Ke7 24.Qf6+ Kd7 25.Bxf5 Re7 26.Rfd1 Qc5 27.Rac1 Qa5 28.b4 Qxa2
29.Rc7+ Kxc7 30.Qxe7+ Kb8 31.Bxe6 Ka7 32.Qc5+ {#r} 1-0

[Event "Reykjavik Open 2017"]
[Site "Reykjavik ISL"]
[Date "2017.04.20"]
[Round "2.80"]
[White "Thorsteinsdottir,G"]
[Black "Lemery,Jon Thor"]
[Result "1-0"]
[WhiteElo "2013"]
[BlackElo "1708"]

1.e4 e5 2.Nf3 Nc6 3.Bc4 Nf6 4.O-O Be7 5.d4 d6 6.d5 Nb8 7.Bd3 Bg4 8.c4 Nbd7
9.Nc3 O-O 10.h3 Bh5 11.Be3 Re8 12.b4 Qc8 13.Rc1 c5 14.dxc6 bxc6 15.Be2 Bg6
16.Nd2 Qb7 17.a3 Rac8 18.Bf3 Red8 19.Nb3 c5 20.Na5 Qa6 21.Qa4 Nb6 22.Qb5 Qxb5
23.cxb5 cxb4 24.axb4 Rd7 25.Nc6 Bd8 26.Ra1 Kf8 27.Rfc1 Rcc7 28.Bg5 h5 29.h4
Ke8 30.Be2 Rb7 31.f3 Rbc7 32.Ra2 Nc8 33.Rca1 Rb7 34.Be3 Bb6 35.Bxb6 axb6
36.Ra8 Rdc7 37.Rd1 Kd7 38.Nxe5+ Ke6 39.Nc6 Rxc6 40.bxc6 Rc7 41.b5 Ne7 42.Bc4+
Ke5 43.g3 d5 {#r} 1-0

[Event "Reykjavik Open 2017"]
[Site "Reykjavik ISL"]
[Date "2017.04.20"]
[Round "2.81"]
[White "Johannesson,Haki"]
[Black "Steincamp,Isaac K"]
[Result "0-1"]
[WhiteElo "1705"]
[BlackElo "2009"]

1.e4 e5 2.Nf3 Nc6 3.d4 exd4 4.Nxd4 Nf6 5.Nxc6 bxc6 6.Bd3 Bc5 7.O-O d6 8.h3 h6
9.Nc3 a5 10.Re1 O-O 11.Na4 Ba7 12.Be3 Re8 13.Bxa7 Rxa7 14.e5 Nd5 15.exd6 cxd6
16.Be4 Rae7 17.f3 Nf6 18.Qd2 Nxe4 19.fxe4 Rxe4 20.b3 R4e5 21.Rad1 Rd5 22.Qf4
Rxe1+ 23.Rxe1 Be6 24.c4 Qg5 25.Qxg5 Rxg5 26.Kf2 Rf5+ 27.Kg3 Kf8 28.Nc3 Ke7
29.Rd1 Re5 30.Kf4 g5+ 31.Kf3 f5 32.Ne2 Bc8 33.Nc3 Bb7 34.Kf2 h5 35.Re1 Rxe1
36.Kxe1 d5 37.cxd5 cxd5 38.Ne2 Kf6 39.Kd2 Ke5 40.Ke3 f4+ 41.Kd2 d4 {#R} 0-1

[Event "Reykjavik Open 2017"]
[Site "Reykjavik ISL"]
[Date "2017.04.20"]
[Round "2.83"]
[White "Fjallheim,Elmar Reinert"]
[Black "Prieto,Alberto"]
[Result "0-1"]
[WhiteElo "1691"]
[BlackElo "1999"]

1.e4 e5 2.Nf3 d6 3.h3 f5 4.d3 Nf6 5.Nc3 c6 6.Bg5 Be7 7.exf5 Bxf5 8.g4 Be6
9.Qd2 O-O 10.Be2 Nbd7 11.O-O-O d5 12.a3 b5 13.Na2 d4 14.Kb1 a5 15.Rde1 Bd5
16.Rhg1 b4 17.a4 b3 18.cxb3 Bxb3 19.Qc1 Bd5 20.Bd1 Rb8 21.Nxe5 Nxe5 22.Rxe5
Qd6 23.Rxd5 Qxd5 24.Qc4 Qxc4 25.dxc4 Ba3 26.b3 Ne4 27.Bc1 Bxc1 28.Nxc1 Nc3+
29.Kc2 Rxf2+ 30.Kd3 c5 31.h4 Re8 {#R} 0-1

[Event "Reykjavik Open 2017"]
[Site "Reykjavik ISL"]
[Date "2017.04.20"]
[Round "2.85"]
[White "Fjallheim,Leif Reinert"]
[Black "Sigurjonsson,Si"]
[Result "0-1"]
[WhiteElo "1667"]
[BlackElo "1997"]

1.e4 d6 2.d4 g6 3.Nc3 Bg7 4.f4 a6 5.Nf3 b5 6.Bd3 Nd7 7.O-O c5 8.Be3 Bb7 9.e5
Nh6 10.e6 fxe6 11.Ng5 Bxd4 12.Bxd4 cxd4 13.Nxh7 Nf5 14.Ng5 dxc3 15.Nxe6 Qb6+
16.Rf2 Rxh2 17.Kxh2 Qxf2 18.Qg4 Qh4+ 19.Qxh4 Nxh4 20.Kh3 Nf5 21.g4 Kf7 22.gxf5
Rh8+ 23.Kg3 cxb2 24.Rb1 gxf5 25.Ng5+ Kf6 26.Rxb2 e5 27.Nh3 Nc5 28.Nf2 Rg8+
29.Kh2 Rg2+ {#R} 0-1

[Event "Reykjavik Open 2017"]
[Site "Reykjavik ISL"]
[Date "2017.04.20"]
[Round "2.87"]
[White "Roebuck,Derek"]
[Black "Magnusson,M"]
[Result "0-1"]
[WhiteElo "1661"]
[BlackElo "1978"]

1.e4 e5 2.Nf3 Nc6 3.Bc4 Nf6 4.d4 exd4 5.O-O Bc5 6.e5 d5 7.exf6 dxc4 8.fxg7 Rg8
9.Re1+ Be6 10.Bg5 Qd5 11.Nc3 Qf5 12.Ne4 Rxg7 13.Nh4 Qxg5 14.Nxg5 Rxg5 15.Nf3
Rd5 16.Nd2 Rf5 17.Nxc4 O-O-O 18.b3 Rg8 19.Nd2 Bd5 20.g3 Ne5 21.Ne4 Nf3+
22.Qxf3 Rxf3 23.Nxc5 Rc3 24.Nd3 Rxc2 25.Nb4 Rc5 26.Re5 Rd8 27.Nxd5 Rcxd5
28.Rxd5 Rxd5 29.Kg2 c5 30.Kf3 Kd7 31.Ke4 Kd6 32.f4 Rh5 33.h4 f5+ 34.Kd3 Rh6
35.Rg1 Re6 36.g4 fxg4 37.Rxg4 Rg6 38.Rxg6+ hxg6 39.Ke4 Ke6 40.b4 b6 41.bxc5
bxc5 42.a4 {#R} 0-1

[Event "Reykjavik Open 2017"]
[Site "Reykjavik ISL"]
[Date "2017.04.20"]
[Round "2.93"]
[White "Jacobsen,Heidrikur T."]
[Black "Ragnarsson,Heimir Pall"]
[Result "1-0"]
[WhiteElo "1951"]
[BlackElo "1608"]

1.Nc3 c5 2.e4 d6 3.g3 Nf6 4.Bg2 Nbd7 5.d3 Rb8 6.a4 a6 7.a5 Ne5 8.Bd2 Nc6 9.Nd5
Nxd5 10.exd5 Nd4 11.c3 Nb5 12.Ne2 g6 13.O-O Bg7 14.Qc1 Bf5 15.Be4 Qd7 16.Bh6
Bf6 17.Re1 Kd8 18.Bg5 Bxg5 19.Qxg5 Bxe4 20.dxe4 Nc7 21.c4 Ne8 22.Nc3 Nf6 23.f3
b5 24.axb6 Rxb6 25.e5 dxe5 26.Qxe5 Qd6 27.Qe2 Kd7 28.Ra5 Rhb8 29.Na4 Rb4
30.Nxc5+ Kd8 31.Nxa6 Rxb2 32.Qe3 R8b3 33.Qa7 Rxf3 34.Qa8+ Kd7 35.Nc5+ Kc7
36.Rxe7+ Qxe7 37.Qc6+ Kd8 38.Ra8+ {#r} 1-0

[Event "Reykjavik Open 2017"]
[Site "Reykjavik ISL"]
[Date "2017.04.20"]
[Round "2.98"]
[White "Agustsson,H"]
[Black "Apol,Luitjen Akselsson"]
[Result "1-0"]
[WhiteElo "1921"]
[BlackElo "1561"]

1.e4 c5 2.Nf3 d6 3.d4 cxd4 4.Nxd4 Nf6 5.Nc3 a6 6.Bg5 e6 7.Qd2 h6 8.Bxf6 Qxf6
9.O-O-O Be7 10.Bc4 Qg6 11.Kb1 O-O 12.h4 Nd7 13.f4 Nf6 14.Rde1 Nh5 15.Nde2 Nf6
16.Bd3 Qh5 17.Nd4 Qa5 18.Qe2 Bd7 19.g4 h5 20.gxh5 Qxh5 21.Qg2 Rfe8 22.Reg1 Bf8
23.Be2 Qh6 24.e5 dxe5 25.fxe5 Nd5 26.Nxd5 exd5 27.Qxd5 Bc6 28.Nxc6 bxc6 29.Qg2
Rxe5 30.Bc4 Rae8 31.Rf1 R8e7 32.Qf2 Qh5 33.a3 a5 34.Rh3 {#r} 1-0